• 首页
  • 本馆介绍
  • 公告通知
  • 最新文献
  • 馆藏检索
  • 电子资源
  • 读者导购
  • 参考咨询
  • 我的图书馆
  • 登录
  • 详细信息显示
  • 放入我的书架
  • 预约/预借图书
  • 作者相关作品
  • 分类相关作品
  • 丛书相关作品
  • 出版社相关作品

书目信息

  • 表格格式
  • 工作单格式
  • 卡片格式
题名:
上海灯彩真神奇
    
 
作者: 朱茹洁 主编
分册:  
出版信息: 上海   上海教育出版社  2018.1
页数: 1册
开本: 26cm
丛书名: 智慧中华·我是非遗传习人
单 册:
中图分类: J528.7-49
科图分类:
主题词: 灯彩--工艺美术--上海--青少年读物
电子资源:
ISBN: 978-7-5444-8060-4
000 00951oam2 2200241 450
001 3696
005 20180527191819.03
010    @a978-7-5444-8060-4@dCNY20.00
100    @a20180118d2018 em y0chiy0110 ea
101 0  @achi
102    @aCN@b310000
105    @ay z 000yy
200 1  @a上海灯彩真神奇@9shang hai deng cai zhen shen qi@f朱茹洁主编
210    @a上海@c上海教育出版社@d2018.1
215    @a1册@d26cm
225 2  @a智慧中华·我是非遗传习人
330    @a智慧中华·我是非遗传习人丛书采用单元化的教学模式,每个单元独立成册,受上海市民族教育文化基地、国家十三五重点课题资助。丛书聚焦非遗传承,涉及面塑、扎染、灯彩、盘扣、剪纸五个非遗门类,旨在培养青少年对非遗文化的审美、探究、创作意识,种下保护、传承非遗的种子。
461  0 @12001 @a智慧中华·我是非遗传习人
606 0  @a灯彩@x工艺美术@x上海@x青少年读物
690    @aJ528.7-49@v5
701  0 @a朱茹洁@9zhu ru jie@4主编
801  0 @aCN@b91CIP@c20180118
905    @aMuseLib@dJ528.7-49@e446
    
    上海灯彩真神奇/朱茹洁主编.-上海:上海教育出版社,2018.1
    1册;26cm.-(智慧中华·我是非遗传习人)
    
    
    ISBN 978-7-5444-8060-4:CNY20.00
    智慧中华·我是非遗传习人丛书采用单元化的教学模式,每个单元独立成册,受上海市民族教育文化基地、国家十三五重点课题资助。丛书聚焦非遗传承,涉及面塑、扎染、灯彩、盘扣、剪纸五个非遗门类,旨在培养青少年对非遗文化的审美、探究、创作意识,种下保护、传承非遗的种子。
●
相关链接 在E读中查询图书 在五车中查询图书 在当当中查询图书 在豆瓣中查询图书


正题名:上海灯彩真神奇     索取号:J528.7-49/446         预约/预借

序号 登录号 条形码 馆藏地/架位号 状态 备注
1 1110252   211102527   第一样本阅览室/ [索取号:J528.7-49/446] 在馆    
2 1110253   211102536   教育系资料室/ [索取号:J528.7-49/446] 在馆    
3 1110254   211102545   教育系资料室/ [索取号:J528.7-49/446] 在馆    
4 1110255   211102554   第一借阅区/ [索取号:J528.7-49/446] 在馆    
唐山师范学院图书馆 欢迎您!
大连网信软件有限公司© 版权所有